A First Course in the Finite Element Method / (Record no. 606835)
[ view plain ]
| 000 -LEADER | |
|---|---|
| fixed length control field | 00359nam a22001457a 4500 |
| 040 ## - CATALOGING SOURCE | |
| Transcribing agency | NUST |
| 082 ## - DEWEY DECIMAL CLASSIFICATION NUMBER | |
| Classification number | 620.001 |
| Author Mark | LOG |
| 100 ## - MAIN ENTRY--PERSONAL NAME | |
| Personal name | Logan, Daryl L. |
| 9 (RLIN) | 63772 |
| 245 ## - TITLE STATEMENT | |
| Title | A First Course in the Finite Element Method / |
| Statement of responsibility, etc. | Daryl L. Logan |
| 250 ## - EDITION STATEMENT | |
| Edition statement | Sixth Edition |
| 260 ## - PUBLICATION, DISTRIBUTION, ETC. | |
| Place of publication, distribution, etc. | USA : |
| Name of publisher, distributor, etc. | Cengage; |
| Date of publication, distribution, etc. | 2017. |
| 300 ## - PHYSICAL DESCRIPTION | |
| Extent | 980p. |
| 521 ## - TARGET AUDIENCE NOTE | |
| Source | HB |
| 942 ## - ADDED ENTRY ELEMENTS (KOHA) | |
| Source of classification or shelving scheme | |
| Koha item type | Book |
| Withdrawn status | Lost status | Source of classification or shelving scheme | Damaged status | Not for loan | Permanent Location | Current Location | Shelving location | Date acquired | Total Checkouts | Full call number | Barcode | Checked out | Date last seen | Date last checked out | Price effective from | Koha item type |
|---|---|---|---|---|---|---|---|---|---|---|---|---|---|---|---|---|
| School of Mechanical & Manufacturing Engineering (SMME) | School of Mechanical & Manufacturing Engineering (SMME) | Aerospace Engineering | 11/27/2023 | 2 | 620.001 LOG | SMME-4462 | 05/13/2026 | 04/13/2026 | 04/13/2026 | 11/27/2023 | Book | |||||
| School of Mechanical & Manufacturing Engineering (SMME) | School of Mechanical & Manufacturing Engineering (SMME) | Aerospace Engineering | 11/27/2023 | 1 | 620.001 LOG | SMME-4463 | 05/13/2026 | 09/24/2025 | 11/27/2023 | Book | ||||||
| School of Mechanical & Manufacturing Engineering (SMME) | School of Mechanical & Manufacturing Engineering (SMME) | Aerospace Engineering | 11/27/2023 | 1 | 620.001 LOG | SMME-4464 | 04/01/2026 | 03/02/2026 | 03/02/2026 | 11/27/2023 | Book |
